Loading...
| Literature - British | 0 | 5 | 0 | 1 | 50 | 62 | 92.60 | 1 | 3 | 0.00 | 0.00 |
| Literature - European | 0 | 5 | 0 | 0 | 50 | 43 | 62.20 | 0 | 5 | 0.00 | 0.00 |
| Fine Arts - Visual | 0 | 5 | 0 | 0 | 50 | 55 | 80.40 | 1 | 4 | 0.00 | 0.00 |
| History - World | 0 | 5 | 0 | 1 | 50 | 34 | 53.40 | 2 | 2 | 0.00 | 0.00 |
| Fine Arts - Other | 0 | 5 | 1 | 0 | 45 | 69 | 91.20 | 1 | 3 | 0.00 | 0.00 |
| Literature - American | 0 | 4 | 0 | 0 | 40 | 54 | 79.50 | 0 | 3 | 0.00 | 0.00 |
| Philosophy | 0 | 3 | 1 | 0 | 25 | 42 | 64.67 | 2 | 2 | 0.00 | 0.00 |
| History - Other | 0 | 2 | 0 | 0 | 20 | 53 | 58.50 | 0 | 1 | 0.00 | 0.00 |
| Religion | 0 | 2 | 1 | 0 | 15 | 40 | 62.00 | 0 | 2 | 0.00 | 0.00 |
| History - European | 0 | 2 | 1 | 1 | 15 | 76 | 100.00 | 0 | 1 | 0.00 | 0.00 |
| Literature - World/Other | 0 | 2 | 2 | 0 | 10 | 85 | 98.50 | 0 | 1 | 0.00 | 0.00 |
| Mythology | 0 | 1 | 0 | 0 | 10 | 63 | 63.00 | 1 | 1 | 0.00 | 0.00 |
| Other Academic | 0 | 1 | 0 | 0 | 10 | 65 | 65.00 | 0 | 1 | 0.00 | 0.00 |
| History - American | 0 | 2 | 2 | 0 | 10 | 61 | 67.00 | 1 | 2 | 0.00 | 0.00 |
| Pop Culture | 0 | 1 | 0 | 0 | 10 | 70 | 70.00 | 1 | 1 | 0.00 | 0.00 |
| Science - Biology | 0 | 1 | 1 | 0 | 5 | 116 | 116.00 | 0 | 0 | 0.00 | 0.00 |
| Fine Arts - Classical Music | 0 | 1 | 1 | 0 | 5 | 79 | 79.00 | 0 | 0 | 0.00 | 0.00 |